000 00654nam a2200205Ia 4500
003 GCL
008 140319s9999 xx 000 0 ara d
040 _aGCL /
_cGCL
082 0 4 _a349.02
_bس ا
100 1 _aسليمان محمد الطماوى
245 1 0 _aالاسس العامة للعقود الادارية: دراسة مقارنة /
_cسليمان محمد الطماوى
260 _a[S.N] :
_bدار الفكر العربى ،
_c1991
300 _a958 ص
490 _a
650 0 4 _aالقانون
650 0 4 _aالعقود
650 0 4 _aالقانون الادارى
650 0 4 _aالقانون المقارن
942 _2ddc
_cBK
999 _c27702
_d27702